Memphis Grizzlies Best Team By Decade - Statistics

General Stats
  • This quiz has been taken 103 times
    92 since last reset
  • The average score is 12 of 20
Answer Stats
Season Player % Correct
2020-21 Ja Morant
100%
2020-21 Jaren Jackson Jr.
97%
2012-13 Marc Gasol
93%
2003-04 Pau Gasol
93%
2020-21 Desmond Bane
92%
2012-13 Mike Conley
91%
2020-21 Steven Adams
91%
2012-13 Zach Randolph
88%
2020-21 Dillon Brooks
83%
2012-13 Tony Allen
72%
1997-98 Shareef Abdur-Rahim
63%
2003-04 Jason Williams
52%
2003-04 Mike Miller
45%
1997-98 Bryant Reeves
33%
2012-13 Tayshaun Prince
29%
2003-04 Lorenzen Wright
20%
2003-04 James Posey
8%
1997-98 Otis Thorpe
7%
1997-98 Sam Mack
4%
1997-98 Antonio Daniels
3%
No matching quizzes found
Score Distribution
Percent of People with Each Score
Percentile by Number Answered
Your Score History
You have not taken this quiz since the last reset